Experimentální morfologie rostlin

Bibliographic Details
Main Authors: Šebánek, Jiří, 1926- (Author), Sladký, Zdeněk, 1930- (Author), Procházka, Stanislav, 1940- (Author)
Format: Book
Language:Czech
English
Russian
PhysicalDescription:320 s. 139 obr. 25 cm
Published: Praha Academia 1983
Edition:1. vyd.
Series:Metodické příručky experimentální botaniky
Subjects:

MARC

LEADER 00000nam a2200000 a 4500
001 vtls001465805
003 SK-MaSNL
005 20260302073249.0
008 240314s1983 xr oda abi 10 cze
035 |a SNK000421110 
040 |a SNK  |b slo  |c SNK  |e AACR2 
041 |a cze  |a eng  |a rus 
044 |a xr  |c CZ 
072 7 |a 581  |x Všeobecná botanika  |2 konspekt 
080 |a 581  |2 2001 
080 |a 581.4  |2 2001 
080 |a (048.8)  |2 2001 
100 1 |a Šebánek, Jiří,  |d 1926-  |4 aut  |9 121071 
245 1 0 |a Experimentální morfologie rostlin  |c ed. by Jiří Šebánek, Zdeněk Sladký, Stanislav Procházka 
246 3 1 |a Experimental morfology of plants 
250 |a 1. vyd. 
260 |a Praha  |b Academia  |c 1983 
300 |a 320 s.  |b 139 obr.  |c 25 cm 
490 1 |a Metodické příručky experimentální botaniky  |v sv. 4 
504 |a Bibliografia: s. 287-305, bibliografické odkazy, reg. 
546 |a České resumé, súbežný anglický a ruský tit. l. a obsah 
650 0 7 |a botanika  |x morfológia  |2 SNKPH  |9 737461 
650 0 7 |a experimentálna botanika  |2 snmk  |9 737462 
650 0 7 |a Botany  |2 SNKPHeng  |9 265681 
650 0 7 |a Experimental botany  |2 snmkeng  |9 737463 
655 7 |a monografie  |2 SNKPH  |9 70139 
655 7 |a Monographs  |2 SNKPHeng  |9 120675 
700 1 |a Sladký, Zdeněk,  |d 1930-  |4 aut  |9 276872 
700 1 |a Procházka, Stanislav,  |d 1940-  |4 aut  |9 737464 
830 0 |a Metodické příručky experimentální botaniky  |9 737465 
958 |a OND 
999 |c 1160130  |d 1162060 
952 |t P60, <04>, [BOOK], {604}  |a SNK  |b SNK  |y VYP  |7 0  |p 17A0409038  |o snkIC 93562 D1  |i snkKIP 738/84  |0 0  |1 1  |4 0  |d 2004-01-08  |l 0  |r 2005-01-02 00:00:00  |w 2026-02-24